000 00820nam a2200253 i 4500
001 103583
003 ES-MaACL
005 20250829045054.0
007 t|
008 060418s1996 sp ||||1| spa d
020 _a84-7880-688-1
080 _a32(460)"1982/96"
100 1 _aCernuda, Pilar.
_937536
245 1 0 _aCrónicas de la crispación
_b: una visión personal del fin del filipismo /
_cPilar Cernuda y Fernando Jáuregui.
250 _a2ª ed.
260 _aMadrid :
_bTemas de Hoy,
_c1996.
300 _a439 p. ;
_c32 cm.
490 1 _aGrandes temas ;
_v62
651 4 _aEspaña-
_xPolítica y gobierno-
_y1982-1996.
_98449
700 1 _aJáuregui, Fernando,
_d1950-
_966193
830 0 0 _aGrandes temas (Temas de Hoy)
_v62
_9237065
852 _aES-MaACL
_jC-56908
999 _c103583
_d103583